000 00417nam a22001817a 4500
003 OSt
005 20180116182952.0
008 131205b xxu||||| |||| 00| 0 eng d
020 _a9788131759462
040 _a0
_c0
082 _a657.42 ALE 2012
100 _aK. Alex
245 _aCost Accounting
_cK. Alex
260 _aNew Delhi
_bPearson
_c2012
300 _a738p
_bPB
440 _aK. Alex
942 _2ddc
_cBK
999 _c349549
_d349549